Đời sống các loài thú

Αποθηκεύτηκε σε:
Λεπτομέρειες βιβλιογραφικής εγγραφής
Κύριος συγγραφέας: Trần, Kiên
Μορφή: Βιβλίο
Γλώσσα:Undetermined
Έκδοση: Hà Nội Khoa học và Kỹ thuật 1979
Θέματα:
Ετικέτες: Προσθήκη ετικέτας
Δεν υπάρχουν, Καταχωρήστε ετικέτα πρώτοι!
Thư viện lưu trữ: Trung tâm Học liệu Trường Đại học Cần Thơ
LEADER 00632nam a2200205Ia 4500
001 CTU_9343
008 210402s9999 xx 000 0 und d
082 |a 599 
082 |b K305 
100 |a Trần, Kiên 
245 0 |a Đời sống các loài thú 
245 0 |c Trần Kiên, Trần Thanh 
260 |a Hà Nội 
260 |b Khoa học và Kỹ thuật 
260 |c 1979 
526 |a Bảo vệ quyền lợi động vật,Tập tính vật nuôi 
526 |b NN758,NNN620 
650 |a Mammals 
904 |i Minh, 960926 
980 |a Trung tâm Học liệu Trường Đại học Cần Thơ